| 000 | 00970nam a22002537a 4500 | ||
|---|---|---|---|
| 999 |
_c65940 _d65940 |
||
| 005 | 20240530110851.0 | ||
| 008 | 200912s2011 ua a f b 000 0dara d | ||
| 017 | _bمصر. دار الكتب | ||
| 020 | _a9789948019749 | ||
| 040 |
_aEG-CaGPL _cEG-CaGPL |
||
| 082 | 0 | 4 |
_221 _a746.3953\ _bب م |
| 100 | 1 | _aبيكر ، باتريشيا | |
| 245 | 1 | 2 |
_aالمنسوجات الاسلامية / _cتاليف باتريشيا بيكر ؛ ترجمة صديق محمد جوهر |
| 250 | _aط.2 | ||
| 260 |
_aابوظبى : _bهيئة ابوظبى للثقافة والتراث ، كلمة، _c2011 |
||
| 300 |
_a335 ص. ؛ _c28 سم. |
||
| 504 | _aيشتمل على ارجاعات ببليوجرافية | ||
| 650 | 0 | 7 |
_aالازياء الاسلامية _2qrmak |
| 650 | 0 | 7 |
_aالاقمشة الاسلامية _2qrmak |
| 651 | _2qrmak | ||
| 700 | 0 |
_aصديق محمد جوهر _eمترجم |
|
| 942 |
_2ddc _cBK |
||